| 000 | 00624nam a2200241Ia 4500 | ||
|---|---|---|---|
| 003 | OSt | ||
| 005 | 20220918205051.0 | ||
| 006 | a|||||r|||| 00| 0 | ||
| 007 | ta | ||
| 008 | 220917b |||||||| |||| 00| 0 eng d | ||
| 024 | _a115,267 | ||
| 037 | _cTextual | ||
| 040 |
_aARTS _cARTS _beng |
||
| 041 |
_2eng _aeng |
||
| 082 | _aV58:19:N5, K0 | ||
| 100 |
_aKennan George F _9114061 |
||
| 245 | 0 | _aSoviet foreign policy 1917-1941 | |
| 260 | _c1960 | ||
| 490 | _aAnvil original ed by Louis L Snyder | ||
| 650 | _aHISTORY | ||
| 942 |
_hV58:19:N5, K0 _cTEXL _2CC |
||
| 999 |
_c238597 _d238597 |
||